[Event "27. Open Internacional de Andorra"]
[Site "Andorra"]
[Date "2009.07.22"]
[Round "5.15"]
[White "Panelo, Marcelo"]
[Black "Monell Camarasa, David"]
[Result "1-0"]
[WhiteElo "2425"]
[BlackElo "2230"]
[PlyCount "65"]
[EventDate "2009.07.18"]
[EventType "swiss"]
[EventRounds "9"]
[EventCountry "AND"]
[Source "lmi"]
[SourceDate "2009.07.18"]

1. d4 d5 2. c4 c6 3. Nc3 Nf6 4. Nf3 dxc4 5. a4 Bf5 6. e3 e6 7. Bxc4 Bb4 8. O-O
O-O 9. Qe2 Nbd7 10. e4 Bg6 11. e5 Nd5 12. Nxd5 cxd5 13. Bd3 Rc8 14. Bxg6 fxg6
15. Be3 Nb8 16. Ng5 Qe7 17. Qg4 Rf5 18. f4 Nc6 19. Rac1 Rcf8 20. Qh3 h6 21. g4
Nxd4 22. Bxd4 Rxf4 23. Rxf4 Rxf4 24. Rc8+ Rf8 25. Rxf8+ Kxf8 26. Qf1+ Kg8 27.
Nf3 a6 28. Qc1 Qd7 29. Qc2 g5 30. Kg2 Kf7 31. Bb6 Kg8 32. b3 Qf7 33. Qc7 1-0

[Event "27. Open Internacional de Andorra"]
[Site "Andorra"]
[Date "2009.07.22"]
[Round "5.17"]
[White "Schut, Lisa"]
[Black "Van Kampen, Robin Oscar"]
[Result "1/2-1/2"]
[WhiteElo "2212"]
[BlackElo "2383"]
[PlyCount "89"]
[EventDate "2009.07.18"]
[EventType "swiss"]
[EventRounds "9"]
[EventCountry "AND"]
[Source "lmi"]
[SourceDate "2009.07.18"]

1. e4 e5 2. Nf3 Nc6 3. Bb5 a6 4. Ba4 Nf6 5. O-O Be7 6. Re1 b5 7. Bb3 d6 8. c3
O-O 9. h3 Na5 10. Bc2 c5 11. d4 Qc7 12. Nbd2 Rd8 13. b3 Bd7 14. Nf1 Nc6 15. d5
Na5 16. Ne3 c4 17. b4 Nb7 18. Bb2 a5 19. a3 g6 20. Kh2 Nh5 21. g3 Qc8 22. Ng1
Bg5 23. Qf3 Ng7 24. h4 Bh6 25. Qf6 Rf8 26. Ne2 Bxe3 27. fxe3 a4 28. Ng1 Qd8 29.
Qf3 Qe7 30. Rf1 f5 31. exf5 Bxf5 32. e4 Bh3 33. Nxh3 Rxf3 34. Rxf3 Rf8 35. Raf1
Rxf3 36. Rxf3 Nd8 37. Rf1 Nf7 38. Rg1 Qd7 39. Bd1 Qc8 40. Ng5 Nd8 41. Nh3 Ne8
42. g4 Nf7 43. Ng5 Nxg5 44. hxg5 Qd8 45. Bc1 1/2-1/2

[Event "27. Open Internacional de Andorra"]
[Site "Andorra"]
[Date "2009.07.22"]
[Round "5.18"]
[White "Deshpande, Aniruddha"]
[Black "Bok, Benjamin"]
[Result "0-1"]
[WhiteElo "2211"]
[BlackElo "2360"]
[PlyCount "128"]
[EventDate "2009.07.18"]
[EventType "swiss"]
[EventRounds "9"]
[EventCountry "AND"]
[Source "lmi"]
[SourceDate "2009.07.18"]

1. e4 e5 2. Nf3 Nc6 3. Bb5 a6 4. Bxc6 dxc6 5. O-O f6 6. d4 exd4 7. Nxd4 c5 8.
Ne2 Qxd1 9. Rxd1 Bd7 10. Nbc3 O-O-O 11. Be3 Re8 12. Rd2 Bc6 13. Rad1 b6 14. f3
Ne7 15. Nf4 Ng6 16. Nxg6 hxg6 17. Bf4 Be7 18. Nd5 Bd8 19. Bg3 f5 20. e5 g5 21.
Re1 Rh6 22. c4 f4 23. Bf2 Bd7 24. b3 Bf5 25. g4 Bd7 26. Kg2 Be6 27. Nc3 Bg8 28.
Bg1 Rhe6 29. Rde2 Bh7 30. h3 Bd3 31. Rd2 Bg6 32. Rde2 Kb8 33. Bh2 Rh8 34. Nd5
c6 35. Nxf4 gxf4 36. Bxf4 Rf8 37. Bg3 Bg5 38. f4 Rxf4 39. Bxf4 Bxf4 40. Kf3 Bg5
41. Kg3 Bd3 42. Rf2 Be7 43. Re3 Bg6 44. h4 Be8 45. g5 Kc7 46. Rd2 g6 47. Kg4
Bf8 48. Kf4 Bg7 49. Rd1 Bf7 50. h5 gxh5 51. Kf5 b5 52. g6 Bg8 53. Re4 bxc4 54.
bxc4 h4 55. Rh1 Re8 56. e6 Kd6 57. Rd1+ Bd4 58. Rdxd4+ cxd4 59. Rxd4+ Kc5 60.
Re4 h3 61. g7 Bh7+ 62. Kf6 Bxe4 63. Kf7 Ra8 64. e7 Bh7 0-1

[Event "27. Open Internacional de Andorra"]
[Site "Andorra"]
[Date "2009.07.23"]
[Round "6.1"]
[White "Edouard, Romain"]
[Black "Peralta, Fernando"]
[Result "1/2-1/2"]
[WhiteElo "2597"]
[BlackElo "2574"]
[PlyCount "74"]
[EventDate "2009.07.18"]
[EventType "swiss"]
[EventRounds "9"]
[EventCountry "AND"]
[Source "lmi"]
[SourceDate "2009.07.18"]

1. d4 d5 2. c4 e6 3. Nc3 Bb4 4. Nf3 Nf6 5. cxd5 exd5 6. Bg5 Nbd7 7. e3 c5 8.
Be2 O-O 9. O-O Qa5 10. Nd2 c4 11. Qc2 Re8 12. Bh4 Bxc3 13. bxc3 Ne4 14. Nxe4
Rxe4 15. Bg3 Re8 16. e4 dxe4 17. Bxc4 Nb6 18. Bb3 Be6 19. Bxe6 Rxe6 20. c4 Qa6
21. c5 Nd5 22. Rab1 Qc6 23. Qb3 Re7 24. Rfe1 Rae8 25. Bd6 Rd7 26. Rb2 f5 27.
Rbe2 Rf7 28. g4 fxg4 29. Rxe4 Rxe4 30. Rxe4 h5 31. Qd3 Qd7 32. Qe2 Qf5 33. Re8+
Kh7 34. Qe4 Qxe4 35. Rxe4 Rf3 36. Bg3 Rd3 37. Re5 Rxd4 1/2-1/2

[Event "27. Open Internacional de Andorra"]
[Site "Andorra"]
[Date "2009.07.23"]
[Round "6.2"]
[White "Marin, Mihail"]
[Black "Balogh, Csaba"]
[Result "1/2-1/2"]
[WhiteElo "2583"]
[BlackElo "2595"]
[PlyCount "32"]
[EventDate "2009.07.18"]
[EventType "swiss"]
[EventRounds "9"]
[EventCountry "AND"]
[Source "lmi"]
[SourceDate "2009.07.18"]

1. c4 Nf6 2. g3 c6 3. Bg2 d5 4. Nf3 Bg4 5. Ne5 Be6 6. cxd5 Bxd5 7. Nf3 c5 8.
Nc3 Bc6 9. O-O e6 10. d3 Be7 11. e4 O-O 12. Re1 Qb6 13. Ne5 Rd8 14. a4 Nbd7 15.
a5 Qc7 16. Nxc6 bxc6 1/2-1/2

[Event "27. Open Internacional de Andorra"]
[Site "Andorra"]
[Date "2009.07.23"]
[Round "6.5"]
[White "Brunello, Sabino"]
[Black "Zilberman, Yaacov"]
[Result "1/2-1/2"]
[WhiteElo "2547"]
[BlackElo "2439"]
[PlyCount "59"]
[EventDate "2009.07.18"]
[EventType "swiss"]
[EventRounds "9"]
[EventCountry "AND"]
[Source "lmi"]
[SourceDate "2009.07.18"]

1. e4 Nf6 2. e5 Nd5 3. d4 d6 4. Nf3 c6 5. Be2 dxe5 6. Nxe5 Nd7 7. Nd3 g6 8. Nd2
Bg7 9. Nf3 O-O 10. O-O N7f6 11. h3 Bf5 12. c4 Bxd3 13. Qxd3 Nc7 14. Be3 Nfe8
15. Rad1 Nd6 16. Bf4 Ne6 17. Be5 Bxe5 18. dxe5 Nf5 19. g4 Nfg7 20. Qe3 Qb6 21.
Rd7 Qxb2 22. Rxe7 Rfd8 23. Rd1 Rxd1+ 24. Bxd1 Qb4 25. Rd7 Nc5 26. Rd2 Nge6 27.
Be2 Rd8 28. Rxd8+ Nxd8 29. Nd2 Nde6 30. f4 1/2-1/2

[Event "27. Open Internacional de Andorra"]
[Site "Andorra"]
[Date "2009.07.23"]
[Round "6.6"]
[White "De La Riva Aguado, Oscar"]
[Black "Panelo, Marcelo"]
[Result "1/2-1/2"]
[WhiteElo "2532"]
[BlackElo "2425"]
[PlyCount "55"]
[EventDate "2009.07.18"]
[EventType "swiss"]
[EventRounds "9"]
[EventCountry "AND"]
[Source "lmi"]
[SourceDate "2009.07.18"]

1. e4 c5 2. Nf3 d6 3. d4 Nf6 4. Nc3 cxd4 5. Nxd4 a6 6. Be3 e5 7. Nf3 Be7 8. Bc4
O-O 9. O-O Nc6 10. Bg5 Be6 11. Bb3 Nd7 12. Bxe7 Qxe7 13. Nd5 Qd8 14. Qe2 Na5
15. Rad1 Rc8 16. Ne3 Qe7 17. Bxe6 Qxe6 18. Qd2 Nc4 19. Nxc4 Qxc4 20. Qxd6 Nf6
21. c3 Qxa2 22. Qb6 Nxe4 23. Nxe5 Nc5 24. Nd7 Rc6 25. Qb4 Nxd7 26. Rxd7 b5 27.
Rfd1 h6 28. R7d4 1/2-1/2

[Event "27. Open Internacional de Andorra"]
[Site "Andorra"]
[Date "2009.07.23"]
[Round "6.7"]
[White "Wegerle, Joerg"]
[Black "Arizmendi Martinez, Julen Luis"]
[Result "1/2-1/2"]
[WhiteElo "2430"]
[BlackElo "2528"]
[PlyCount "47"]
[EventDate "2009.07.18"]
[EventType "swiss"]
[EventRounds "9"]
[EventCountry "AND"]
[Source "lmi"]
[SourceDate "2009.07.18"]

1. e4 e6 2. d4 d5 3. exd5 exd5 4. Nf3 Nf6 5. Bg5 Be7 6. Bd3 h6 7. Bxf6 Bxf6 8.
O-O O-O 9. c3 c5 10. dxc5 Nd7 11. Nbd2 Nxc5 12. Nb3 Nxd3 13. Qxd3 Be6 14. Rfe1
Qb6 15. Qe3 Qxe3 16. Rxe3 Rfe8 17. Rae1 Re7 18. Nfd4 Rae8 19. Nc5 Bc8 20. Rxe7
Bxe7 21. Nd3 Kf8 22. g3 Rd8 23. f3 a6 24. Kf2 1/2-1/2

[Event "27. Open Internacional de Andorra"]
[Site "Andorra"]
[Date "2009.07.23"]
[Round "6.9"]
[White "Demuth, Adrien"]
[Black "Spraggett, Kevin"]
[Result "1/2-1/2"]
[WhiteElo "2339"]
[BlackElo "2606"]
[PlyCount "55"]
[EventDate "2009.07.18"]
[EventType "swiss"]
[EventRounds "9"]
[EventCountry "AND"]
[Source "lmi"]
[SourceDate "2009.07.18"]

1. d4 Nf6 2. c4 e6 3. Nf3 c5 4. d5 exd5 5. cxd5 d6 6. Nc3 g6 7. h3 Bg7 8. e4
O-O 9. Bd3 a6 10. a4 Nh5 11. O-O Nd7 12. Bg5 Bf6 13. Be3 Re8 14. a5 Rb8 15. Qc2
Ne5 16. Be2 Nxf3+ 17. Bxf3 Ng7 18. Na4 Bd7 19. Nb6 Bb5 20. Rfe1 Be5 21. Qd2 f5
22. Bg5 Qc7 23. Rac1 Qf7 24. b4 cxb4 25. Qxb4 fxe4 26. Rxe4 Nf5 27. Nc4 Bxc4
28. Rexc4 1/2-1/2

[Event "27. Open Internacional de Andorra"]
[Site "Andorra"]
[Date "2009.07.23"]
[Round "6.12"]
[White "Vila Gazquez, Javier"]
[Black "Klein, Felix"]
[Result "1-0"]
[WhiteElo "2457"]
[BlackElo "2301"]
[PlyCount "51"]
[EventDate "2009.07.18"]
[EventType "swiss"]
[EventRounds "9"]
[EventCountry "AND"]
[Source "lmi"]
[SourceDate "2009.07.18"]

1. e4 c5 2. Nf3 e6 3. d4 cxd4 4. Nxd4 a6 5. c4 Nf6 6. Nc3 Bb4 7. Qc2 Qc7 8. a3
Bxc3+ 9. Qxc3 Nxe4 10. Nb5 axb5 11. Qxg7 Rf8 12. Bh6 Qc5 13. cxb5 d5 14. f3
Qf2+ 15. Kd1 Nd7 16. fxe4 f6 17. Rc1 Qxb2 18. Be2 Kd8 19. Qg3 Re8 20. Bg4 Ne5
21. Bg7 Nd7 22. Rf1 Qd4+ 23. Ke1 Qb6 24. Rxf6 Nxf6 25. Bxf6+ Re7 26. exd5 1-0

[Event "27. Open Internacional de Andorra"]
[Site "Andorra"]
[Date "2009.07.23"]
[Round "6.13"]
[White "Berthelot, Yannick"]
[Black "Huerga Leache, Mikel"]
[Result "1-0"]
[WhiteElo "2295"]
[BlackElo "2456"]
[PlyCount "75"]
[EventDate "2009.07.18"]
[EventType "swiss"]
[EventRounds "9"]
[EventCountry "AND"]
[Source "lmi"]
[SourceDate "2009.07.18"]

1. e4 c5 2. Nf3 d6 3. d4 cxd4 4. Nxd4 Nf6 5. Nc3 Nc6 6. f3 Qb6 7. Be3 e5 8. Nf5
Qxb2 9. Nb5 Bxf5 10. Nc7+ Kd8 11. Nxa8 Bc8 12. Kf2 Qc3 13. Rb1 Nd4 14. Qd3 Qxd3
15. Bxd3 Nd7 16. c3 Nc6 17. Bb5 Ndb8 18. a4 f5 19. exf5 Bxf5 20. Rb2 Kc8 21.
Rd1 Be7 22. a5 Rd8 23. Bxa7 Rf8 24. Nb6+ Kd8 25. Bxb8 Nxb8 26. Nd5 Bh4+ 27. g3
Bg5 28. Be2 Bc8 29. Nb6 e4 30. Nxc8 Kxc8 31. Rxd6 Nc6 32. a6 exf3 33. axb7+ Kc7
34. Rxc6+ Kxc6 35. b8=Q Rxb8 36. Rxb8 fxe2 37. Kxe2 Bd2 38. Kxd2 1-0

[Event "27. Open Internacional de Andorra"]
[Site "Andorra"]
[Date "2009.07.23"]
[Round "6.14"]
[White "Raznikov, Danny"]
[Black "Dvirnyy, Daniyl"]
[Result "1/2-1/2"]
[WhiteElo "2270"]
[BlackElo "2440"]
[PlyCount "106"]
[EventDate "2009.07.18"]
[EventType "swiss"]
[EventRounds "9"]
[EventCountry "AND"]
[Source "lmi"]
[SourceDate "2009.07.18"]

1. d4 g6 2. c4 Bg7 3. Nf3 Nf6 4. Nc3 O-O 5. e4 d6 6. Be2 c5 7. O-O Nc6 8. d5
Na5 9. h3 a6 10. Bf4 Qb6 11. Rb1 e5 12. Be3 Qc7 13. Nd2 b6 14. Na4 Nd7 15. b4
Nb7 16. Qb3 Rb8 17. a3 f5 18. exf5 gxf5 19. f4 Nd8 20. Nf3 exf4 21. Bxf4 Nf7
22. Kh1 Rb7 23. Nb2 Nde5 24. Nd3 Re8 25. bxc5 bxc5 26. Qa4 Bd7 27. Rxb7 Qxb7
28. Qc2 Qc7 29. Nfxe5 Nxe5 30. Bh5 Rb8 31. Re1 Qa5 32. Rb1 Rb6 33. Rxb6 Qxb6
34. Be2 a5 35. Qc1 Ng6 36. Bg5 Qb3 37. h4 Qa2 38. Bf3 Bd4 39. h5 Ne5 40. Nxe5
dxe5 41. Be3 Bxe3 42. Qxe3 Qa1+ 43. Kh2 e4 44. Be2 Qf6 45. Qf4 h6 46. Qb8+ Kf7
47. Qc7 Ke8 48. Qf4 Ke7 49. Bd1 Qg5 50. Qe5+ Kf7 51. Qd6 Qh4+ 52. Kg1 Qe1+ 53.
Kh2 Qh4+ 1/2-1/2

[Event "27. Open Internacional de Andorra"]
[Site "Andorra"]
[Date "2009.07.23"]
[Round "6.15"]
[White "Kulkarni, Chinmay"]
[Black "Delorme, Axel"]
[Result "1/2-1/2"]
[WhiteElo "2259"]
[BlackElo "2434"]
[PlyCount "26"]
[EventDate "2009.07.18"]
[EventType "swiss"]
[EventRounds "9"]
[EventCountry "AND"]
[Source "lmi"]
[SourceDate "2009.07.18"]

1. Nf3 Nf6 2. c4 e6 3. g3 d5 4. Bg2 Nc6 5. O-O d4 6. e3 dxe3 7. dxe3 Qxd1 8.
Rxd1 e5 9. Nc3 e4 10. Nd4 Bg4 11. Rf1 Nxd4 12. exd4 O-O-O 13. Be3 Bf3 1/2-1/2

[Event "27. Open Internacional de Andorra"]
[Site "Andorra"]
[Date "2009.07.23"]
[Round "6.16"]
[White "Vehi Bach, Victor Manuel"]
[Black "Abhishek, Kelkar"]
[Result "1-0"]
[WhiteElo "2387"]
[BlackElo "2158"]
[PlyCount "45"]
[EventDate "2009.07.18"]
[EventType "swiss"]
[EventRounds "9"]
[EventCountry "AND"]
[Source "lmi"]
[SourceDate "2009.07.18"]

1. e4 c5 2. Nf3 e6 3. d4 cxd4 4. Nxd4 Nf6 5. Nc3 d6 6. Be3 Be7 7. g4 h5 8. gxh5
Rxh5 9. Bg2 Nbd7 10. Qe2 a6 11. O-O-O Qc7 12. f4 Rb8 13. Bf3 Rc5 14. Nb3 Rc4
15. Qg2 g6 16. Be2 Rc6 17. f5 Ne5 18. fxg6 fxg6 19. Bd4 Nfd7 20. h4 Bf8 21. Kb1
Bh6 22. h5 g5 23. Be3 1-0

[Event "27. Open Internacional de Andorra"]
[Site "Andorra"]
[Date "2009.07.23"]
[Round "6.17"]
[White "Schut, Lisa"]
[Black "Karavade, Eesha"]
[Result "1/2-1/2"]
[WhiteElo "2212"]
[BlackElo "2386"]
[PlyCount "94"]
[EventDate "2009.07.18"]
[EventType "swiss"]
[EventRounds "9"]
[EventCountry "AND"]
[Source "lmi"]
[SourceDate "2009.07.18"]

1. e4 c5 2. Nf3 d6 3. d4 cxd4 4. Nxd4 Nf6 5. Nc3 e6 6. g4 h6 7. h4 Nc6 8. Rg1
h5 9. gxh5 Nxh5 10. Bg5 Qb6 11. Nb3 a6 12. Qd2 Bd7 13. O-O-O Rc8 14. Kb1 Qc7
15. Be2 Nf6 16. h5 b5 17. a3 Ne5 18. h6 Rxh6 19. Bxh6 gxh6 20. Qf4 Qd8 21. Nd4
Qe7 22. Qg3 Ng6 23. f4 e5 24. fxe5 Qxe5 25. Qe3 Rb8 26. Nf3 Qc5 27. Qxc5 dxc5
28. e5 b4 29. exf6 bxc3 30. b3 Rb6 31. Rge1 Kd8 32. Rd3 Kc7 33. Red1 Bf5 34.
Rxc3 Rxf6 35. Rd5 Nf4 36. Rd2 Be4 37. Ne5 Nd5 38. Rc4 Bd6 39. Ng4 Rf4 40. Nxh6
Nb6 41. Nxf7 Nxc4 42. Bxc4 Be7 43. Ne5 Bf6 44. Nd3 Bxd3 45. Bxd3 a5 46. c4 Bd4
47. Re2 Rf2 1/2-1/2

[Event "27. Open Internacional de Andorra"]
[Site "Andorra"]
[Date "2009.07.23"]
[Round "6.18"]
[White "Van Kampen, Robin Oscar"]
[Black "Tallo Dominguez, Imar"]
[Result "1-0"]
[WhiteElo "2383"]
[BlackElo "2124"]
[PlyCount "47"]
[EventDate "2009.07.18"]
[EventType "swiss"]
[EventRounds "9"]
[EventCountry "AND"]
[Source "lmi"]
[SourceDate "2009.07.18"]

1. e4 c5 2. Nf3 Nf6 3. e5 Nd5 4. Nc3 e6 5. Ne4 Nc6 6. c4 Nb6 7. b3 d5 8. exd6
f5 9. Nxc5 Bxd6 10. Nd3 e5 11. c5 e4 12. cxd6 Qxd6 13. Qe2 O-O 14. Bb2 f4 15.
Qxe4 Bf5 16. Qxf4 Rae8+ 17. Nde5 Bd3 18. Qe3 Nd5 19. Qxd3 Rxf3 20. Qxd5+ Qxd5
21. Bc4 Qxc4 22. bxc4 Rf4 23. O-O Nxe5 24. Rae1 1-0

[Event "27. Open Internacional de Andorra"]
[Site "Andorra"]
[Date "2009.07.23"]
[Round "6.19"]
[White "Morros Faura, Ricard"]
[Black "Rubio Mejia, Luis"]
[Result "0-1"]
[WhiteElo "2217"]
[BlackElo "2371"]
[PlyCount "94"]
[EventDate "2009.07.18"]
[EventType "swiss"]
[EventRounds "9"]
[EventCountry "AND"]
[Source "lmi"]
[SourceDate "2009.07.18"]

1. e4 c5 2. Nf3 d6 3. d4 cxd4 4. Nxd4 Nf6 5. Nc3 a6 6. Be3 e5 7. Nb3 Be6 8. f3
Be7 9. Qd2 Nbd7 10. g4 Rc8 11. O-O-O Nb6 12. g5 Nh5 13. Kb1 O-O 14. Rg1 g6 15.
Qf2 Nc4 16. Bxc4 Rxc4 17. Nd5 Bxd5 18. Rxd5 b5 19. Qd2 Qc7 20. h4 Re8 21. Rc1
Bf8 22. Qa5 Qc8 23. Nd2 Rc6 24. a4 bxa4 25. Qxa4 Re7 26. c4 Rec7 27. Ra5 Bg7
28. b3 Nf4 29. Bxf4 exf4 30. Rh1 Rb6 31. Kc2 Rc5 32. h5 Qe6 33. Rxc5 dxc5 34.
h6 Bd4 35. Nb1 Rb8 36. Nc3 Bxc3 37. Kxc3 Qe5+ 38. Kc2 Qxg5 39. Rd1 Qg2+ 40. Kc3
Qxf3+ 41. Rd3 Qh1 42. Kb2 Qh2+ 43. Ka3 Qxh6 44. Qc6 Qh1 45. Kb2 Qg2+ 46. Kb1
Qe2 47. Qd7 f3 0-1

[Event "27. Open Internacional de Andorra"]
[Site "Andorra"]
[Date "2009.07.23"]
[Round "6.20"]
[White "Ben Artzi, Ido"]
[Black "Vega Gutierrez, Sabrina Neide"]
[Result "0-1"]
[WhiteElo "2076"]
[BlackElo "2352"]
[PlyCount "76"]
[EventDate "2009.07.18"]
[EventType "swiss"]
[EventRounds "9"]
[EventCountry "AND"]
[Source "lmi"]
[SourceDate "2009.07.18"]

1. d4 d5 2. c4 dxc4 3. e3 e5 4. Bxc4 exd4 5. exd4 Bd6 6. Nc3 Nf6 7. Nf3 O-O 8.
O-O Nc6 9. a3 Bg4 10. Be3 a6 11. Rc1 Qd7 12. Be2 Rfe8 13. Re1 h6 14. h3 Bh5 15.
Qb3 Rab8 16. Red1 b5 17. Na2 Na5 18. Qc3 Nc4 19. Ne5 Nxe5 20. Bxh5 Nd5 21. Qb3
Nc4 22. Re1 Bf4 23. Bxf4 Nxf4 24. Bf3 Rxe1+ 25. Rxe1 Nd2 26. Qe3 Nxf3+ 27. Qxf3
Qxd4 28. Nb4 Qd2 29. Qe4 Rb6 30. Qb1 Rg6 31. Re8+ Kh7 32. Qf5 Ne2+ 33. Kh2 Qd1
34. Rxe2 Qxe2 35. Nd3 Qe6 36. Qf3 Qc6 37. Qxc6 Rxc6 38. Nb4 Rd6 0-1

[Event "27. Open Internacional de Andorra"]
[Site "Andorra"]
[Date "2009.07.24"]
[Round "7.1"]
[White "Lopez Martinez, Josep Manuel"]
[Black "Marin, Mihail"]
[Result "1/2-1/2"]
[WhiteElo "2555"]
[BlackElo "2583"]
[PlyCount "139"]
[EventDate "2009.07.18"]
[EventType "swiss"]
[EventRounds "9"]
[EventCountry "AND"]
[Source "lmi"]
[SourceDate "2009.07.18"]

1. e4 e5 2. Nf3 Nc6 3. Bb5 a6 4. Ba4 Nf6 5. d3 d6 6. c3 g6 7. Bg5 Bg7 8. Nbd2
h6 9. Bh4 O-O 10. Nf1 Ne7 11. Bb3 c6 12. Ne3 Qc7 13. Bxf6 Bxf6 14. h4 Rd8 15.
h5 g5 16. Nh2 d5 17. Qf3 Bg7 18. O-O Be6 19. Nhg4 Rd6 20. c4 Rf8 21. c5 Rd7 22.
Nf6+ Bxf6 23. Qxf6 Kh7 24. d4 Ng8 25. Qf3 dxe4 26. Qxe4+ f5 27. Qxe5 Qxe5 28.
dxe5 Bxb3 29. axb3 f4 30. Nc4 Rd5 31. Rad1 Rfd8 32. Rxd5 Rxd5 33. b4 Kg7 34.
Re1 Ne7 35. Re4 Rd1+ 36. Kh2 Kf7 37. e6+ Kf6 38. Re2 Rd4 39. Ne5 Rxb4 40. Ng4+
Kg7 41. Rd2 Nd5 42. f3 Rb3 43. e7 Kf7 44. Re2 Ne3 45. Nxh6+ Kxe7 46. Nf5+ Kf6
47. Nxe3 fxe3 48. g4 a5 49. Kg3 a4 50. Rh2 Kg7 51. Rc2 Kf6 52. Re2 Rd3 53. f4
Rd4 54. f5 Re4 55. h6 Kf7 56. Kf3 Rf4+ 57. Kxe3 Rxg4 58. Rh2 Kg8 59. f6 Rf4 60.
h7+ Kh8 61. Rh6 Rb4 62. Kf3 Rf4+ 63. Ke2 Rb4 64. Ke3 Rf4 65. Kd3 Rb4 66. Rh5
Rf4 67. Rxg5 Rxf6 68. Rh5 Rf3+ 69. Kc2 Rb3 70. Kc1 1/2-1/2

[Event "27. Open Internacional de Andorra"]
[Site "Andorra"]
[Date "2009.07.24"]
[Round "7.2"]
[White "Siebrecht, Sebastian"]
[Black "Edouard, Romain"]
[Result "0-1"]
[WhiteElo "2458"]
[BlackElo "2597"]
[PlyCount "66"]
[EventDate "2009.07.18"]
[EventType "swiss"]
[EventRounds "9"]
[EventCountry "AND"]
[Source "lmi"]
[SourceDate "2009.07.18"]

1. d4 Nf6 2. c4 e6 3. Nc3 c5 4. d5 exd5 5. cxd5 d6 6. e4 g6 7. Nge2 Bg7 8. Ng3
O-O 9. Be2 a6 10. a4 Nbd7 11. O-O Rb8 12. Bg5 h6 13. Be3 h5 14. Bg5 Re8 15. Qd2
Qa5 16. Bh6 h4 17. Nf5 Nxe4 18. Qe3 gxf5 19. Nxe4 Bxh6 20. Qxh6 fxe4 21. Qg5+
Kf8 22. Bh5 Qd8 23. Qh6+ Ke7 24. Bxf7 Rh8 25. Qe6+ Kf8 26. Qxd6+ Kxf7 27. Qf4+
Qf6 28. Qxe4 Qe5 29. Qf3+ Nf6 30. Rfe1 Qxd5 31. Qf4 Rg8 32. g3 hxg3 33. hxg3
Rh8 0-1

[Event "27. Open Internacional de Andorra"]
[Site "Andorra"]
[Date "2009.07.24"]
[Round "7.3"]
[White "Balogh, Csaba"]
[Black "Peralta, Fernando"]
[Result "1/2-1/2"]
[WhiteElo "2595"]
[BlackElo "2574"]
[PlyCount "105"]
[EventDate "2009.07.18"]
[EventType "swiss"]
[EventRounds "9"]
[EventCountry "AND"]
[Source "lmi"]
[SourceDate "2009.07.18"]

1. e4 d6 2. d4 Nf6 3. Nc3 g6 4. Bg5 c6 5. Qd2 b5 6. Bd3 Bg7 7. f4 O-O 8. Nf3
Bg4 9. O-O Qb6 10. Ne2 e5 11. fxe5 dxe5 12. a4 bxa4 13. c3 Nbd7 14. Rxa4 Bxf3
15. gxf3 a5 16. Be3 Qc7 17. Rfa1 Nb6 18. R4a2 Nfd7 19. Bh6 c5 20. Bxg7 Kxg7 21.
Bb5 Rfd8 22. d5 c4 23. Bc6 Ra7 24. Ng3 f6 25. Qe3 Nb8 26. Bb5 Nc8 27. Ra4 Nd6
28. Bxc4 Rb7 29. Bf1 Rxb2 30. Rxa5 Nd7 31. Ra7 Rb7 32. Rxb7 Nxb7 33. Ra7 Qb8
34. Bh3 Kh8 35. Bxd7 Rxd7 36. Qb6 Kg7 37. c4 Qc8 38. Kg2 h5 39. h4 Rf7 40. Qa6
Qb8 41. Qb6 Qc8 42. Kh2 Rd7 43. Qe6 Nc5 44. Rxd7+ Qxd7 45. Qb6 Nd3 46. Ne2 Qa4
47. d6 Qc2 48. Qe3 Kf7 49. Kg3 Ke6 50. Qa7 Kxd6 51. Qb6+ Ke7 52. Qc7+ Kf8 53.
Qd8+ 1/2-1/2

[Event "27. Open Internacional de Andorra"]
[Site "Andorra"]
[Date "2009.07.24"]
[Round "7.4"]
[White "Damljanovic, Branko"]
[Black "Wegerle, Joerg"]
[Result "1/2-1/2"]
[WhiteElo "2551"]
[BlackElo "2430"]
[PlyCount "162"]
[EventDate "2009.07.18"]
[EventType "swiss"]
[EventRounds "9"]
[EventCountry "AND"]
[Source "lmi"]
[SourceDate "2009.07.18"]

1. c4 e6 2. Nc3 d5 3. d4 Be7 4. cxd5 exd5 5. Bf4 c6 6. e3 Bf5 7. g4 Bg6 8. h4
h5 9. g5 Bd6 10. Nge2 Bf5 11. Ng3 Bg4 12. f3 Be6 13. Bd3 g6 14. Nce2 Ne7 15.
Qb3 b6 16. Rc1 O-O 17. Kf2 c5 18. Bxd6 Qxd6 19. Qa3 Nd7 20. Bb5 Nc6 21. Rhd1 a6
22. Bxc6 Qxc6 23. Nf4 Rfd8 24. Nge2 Rac8 25. b3 Qb7 26. Rd2 cxd4 27. Nxd4 Nf8
28. Rdc2 Rxc2+ 29. Rxc2 Rc8 30. Qc1 Rxc2+ 31. Qxc2 Qe7 32. a4 Qd6 33. Qc6 Qb4
34. Ke2 Qa3 35. Qc2 Qd6 36. Kd1 Bd7 37. Qd3 Bc8 38. Qc3 Bb7 39. a5 Nd7 40. axb6
Qxb6 41. b4 Qd6 42. Kc2 Qe5 43. Nb3 Qd6 44. Na5 Qb6 45. Qd4 Qc7+ 46. Kb3 Ba8
47. Nd3 Bc6 48. Nf4 Nb6 49. Qc3 Ba4+ 50. Kb2 Qd6 51. Qc5 Qe5+ 52. Qd4 Qc7 53.
Qc3 Qd6 54. Kc1 Bb5 55. Qc5 Qb8 56. Kd1 Na4 57. Qd4 Qd6 58. Ke1 Qc7 59. Qd2 Nb6
60. Kf2 Nc4 61. Qc3 d4 62. Qxd4 Nxa5 63. bxa5 Qc2+ 64. Kg3 Qc1 65. e4 Qe1+ 66.
Qf2 Qxa5 67. Nd5 Qa1 68. Kg2 Kg7 69. Qd2 Qf1+ 70. Kg3 Qg1+ 71. Kf4 Qa1 72. Nc3
Qh1 73. Qf2 Qc1+ 74. Qe3 Qh1 75. Qd4+ Kh7 76. Qf6 Qc1+ 77. Kg3 Qg1+ 78. Kf4
Qc1+ 79. Kg3 Qg1+ 80. Kf4 Qc1+ 81. Kg3 Qg1+ 1/2-1/2

[Event "27. Open Internacional de Andorra"]
[Site "Andorra"]
[Date "2009.07.24"]
[Round "7.5"]
[White "Panelo, Marcelo"]
[Black "Brunello, Sabino"]
[Result "1/2-1/2"]
[WhiteElo "2425"]
[BlackElo "2547"]
[PlyCount "80"]
[EventDate "2009.07.18"]
[EventType "swiss"]
[EventRounds "9"]
[EventCountry "AND"]
[Source "lmi"]
[SourceDate "2009.07.18"]

1. d4 Nf6 2. c4 e6 3. g3 c5 4. d5 exd5 5. cxd5 b5 6. Bg2 d6 7. b4 Na6 8. bxc5
Nxc5 9. Nf3 g6 10. Nd4 Bg7 11. O-O Qb6 12. Nc3 b4 13. Na4 Nxa4 14. Qxa4+ Bd7
15. Nc6 Ne4 16. Be3 Nc3 17. Qc2 Qb5 18. Bf4 Nxe2+ 19. Qxe2+ Qxe2 20. Rae1 Qxe1
21. Rxe1+ Be5 22. Nxe5 dxe5 23. Rxe5+ Kd8 24. d6 f6 25. Ra5 Rc8 26. Rxa7 Re8
27. h4 Re1+ 28. Kh2 Rc2 29. Ra8+ Bc8 30. Be3 Rxe3 31. fxe3 Kd7 32. Rb8 Rxa2 33.
Rxb4 Kxd6 34. Rd4+ Ke7 35. Kg1 Be6 36. Rb4 h5 37. Rb7+ Kd6 38. Rg7 Ra1+ 39. Kf2
Ra2+ 40. Kg1 Ra1+ 1/2-1/2

[Event "27. Open Internacional de Andorra"]
[Site "Andorra"]
[Date "2009.07.24"]
[Round "7.6"]
[White "Zilberman, Yaacov"]
[Black "Kogan, Artur"]
[Result "0-1"]
[WhiteElo "2439"]
[BlackElo "2542"]
[PlyCount "78"]
[EventDate "2009.07.18"]
[EventType "swiss"]
[EventRounds "9"]
[EventCountry "AND"]
[Source "lmi"]
[SourceDate "2009.07.18"]

1. d4 Nf6 2. Nf3 g6 3. c4 Bg7 4. Nc3 d5 5. e3 O-O 6. Bd2 a6 7. Rc1 Nc6 8. cxd5
Nxd5 9. Nxd5 Qxd5 10. Bc4 Qd6 11. O-O e5 12. d5 Ne7 13. e4 Bg4 14. Be3 f5 15.
Bd3 Kh8 16. h3 Bh5 17. Qb3 Bxf3 18. gxf3 fxe4 19. fxe4 Qd7 20. Kg2 c6 21. Be2
h5 22. dxc6 Nxc6 23. Rcd1 Qe7 24. Rd5 Rae8 25. Bc5 Qh4 26. Bxf8 Rxf8 27. Qg3
Qxe4+ 28. Bf3 Qc2 29. Rd7 Nd4 30. Rxg7 Nf5 31. Qxe5 Nxg7 32. Rd1 Rf5 33. Qe3
Qxb2 34. Qh6+ Kg8 35. Qxg6 Qf6 36. Qxf6 Rxf6 37. Rd8+ Kh7 38. Bxb7 Re6 39. Rd7
Kh6 0-1